Communities and Local Government Committee (Record no. 109841)

MARC details
000 -LEADER
fixed length control field 01880cad a22002295a 4500
001 - CONTROL NUMBER
control field L148016
008 - FIXED-LENGTH DATA ELEMENTS--GENERAL INFORMATION
fixed length control field 090714e20090714xxk f f000 0 eng d
035 ## - SYSTEM CONTROL NUMBER
System control number (Sirsi) u148016
041 0# - LANGUAGE CODE
Language code of text/sound track or separate title eng
050 04 - LIBRARY OF CONGRESS CALL NUMBER
Classification number 306.1 $2 18
110 1# - MAIN ENTRY--CORPORATE NAME
Corporate name or jurisdiction name as entry element United Kingdom
Subordinate unit Parliament
-- House of Commons
-- Communities and Local Government Committee
9 (RLIN) 5139
245 00 - TITLE STATEMENT
Title Communities and Local Government Committee
Remainder of title eighth report, housing and the credit crunch, follow-up
Medium [electronic resource]
260 ## - PUBLICATION, DISTRIBUTION, ETC.
Place of publication, distribution, etc. London
Name of publisher, distributor, etc. UK Parliament
Date of publication, distribution, etc. 2009
505 2# - FORMATTED CONTENTS NOTE
Formatted contents note Summary --1 - Introduction -- Background -- Oral evidence session -- Issues covered in this report -- 2 - Issues arising from our follow-up evidence session -- The 2009 Budget -- Reaction to the Budget -- The Government's housing targets -- The flow of mortgage finance -- The balance of housing tenure -- 3 - Conclusion -- Conclusions and recommendations -- Formal minutes -- Witnesses -- List of written evidence -- List of reports from the Committee during the current Parliament
520 ## - SUMMARY, ETC.
Summary, etc. Presents findings on key issues in housing in the context of the credit crunch. Finds that Governmental measures are insufficient in stimulating the housebuilding sector and housing market activity in general. Recommends the Government should take all measures necessary to keep capacity in the housebuilding sector and ensure housebuilders are able to sell the houses they build. Suggests that the Treasury Asset-backed Guarantee Scheme is not efficient enough, and that mortgage funding should be more easily available.
521 ## - TARGET AUDIENCE NOTE
Target audience note Advanced
590 ## - LOCAL NOTE (RLIN)
Local note KA NTK
651 #4 - SUBJECT ADDED ENTRY--GEOGRAPHIC NAME
Geographic name United Kingdom
Chronological subdivision
690 ## - LOCAL SUBJECT ADDED ENTRY--TOPICAL TERM (OCLC, RLIN)
Topical term or geographic name as entry element PROPERTY-RESIDENTIAL PROPERTY-RESIDENTIAL PROPERTY MARKET
856 40 - ELECTRONIC LOCATION AND ACCESS
Uniform Resource Identifier <a href="https://www.publications.parliament.uk/pa/cm200809/cmselect/cmcomloc/568/56802.htm">https://www.publications.parliament.uk/pa/cm200809/cmselect/cmcomloc/568/56802.htm</a>
Public note View the item free of charge at www.publications.parliament.uk...
942 ## - ADDED ENTRY ELEMENTS (KOHA)
Suppress in OPAC 0
Holdings
Withdrawn status Lost status Source of classification or shelving scheme Damaged status Not for loan Home library Current library Shelving location Date acquired Total Checkouts Full call number Barcode Date last seen Copy number Price effective from Koha item type
    Dewey Decimal Classification     Virtual Virtual Online 14/07/2009   ONLINE PUBLICATION 148016-2001 06/08/2019 1 06/08/2019 Book